000 00621nam a2200181Ia 4500
003 GCL
008 140319s9999 xx 000 0 ara d
040 _aGCL /
_cGCL
082 0 4 _aق
_b346.04
_bح ق
245 1 0 _aالقوانين العقارية فى الديار المصرية: يشتمل على القوانين واللوائح والتعليمات الادارية المتعلقة بالعقارات
300 _a392 ص
490 _a100 قصة
_v0
650 0 4 _aالقانون
650 0 4 _aمصر
650 0 4 _aقوانين وتشريعات
650 0 4 _aالملكية العقارية
942 _2ddc
_cBK
999 _c46387
_d46387